000 01523nas a2200277Ia 4500
001 R262-R5179
003 IT-CnALBA
008 170116c99999999xx |||||||||||| ||und||
040 _aIT-CnALBA
_cIT-CnALBA
041 _aITALIANO
100 _aSPADAFORA FRANCESCO
210 _aPALESTRA DEL CLERO
222 _aPALESTRA DEL CLERO
245 0 _aPALESTRA DEL CLERO. RIVISTA DI CULTURA E PRATICA ECCLESIASTICA. XV LUGLIO 1953.
250 _a1a ed.
260 _a PA ROV. BELL.
_bISTIT. VEN. ARTI GRAF.
_c1953 [1° Ed.:1953 - Ed.Ling.Originale: 1953]
300 _a48 p.
310 _aBIMENSILE
362 _aFascicolo: 14 / Anno: 32 (1953)
500 _aSCRITTURA, LA QUESTIONE SINOTTICA. RIPARAZIONE DEI DANNI CAUSATI DAL MATRIMONIO DELL'IMPOTENTE, DA GANGI BONAVENTURA. ARMONIA LITURGICA TRA ORIENTE E OCCIDENTE, BERTI C. LEZIONE DELLE ELEZINI DEL VII LUGLIO, BABBINI L. TRASFORMAZIONE DEMOCRATICA DI MANNING, CARDINALE. L'ULTIMO POETA DELL'OTTOCENTO DIMENTICATO, MANNI GIUSEPPE.
501 _aSocietà San Paolo EM - Piazza San Paolo, 14 - 12051 ALBA (CN) (non commercial uses only) ® Copyright 2017
520 _aSCRITTURA, LA QUESTIONE SINOTTICA. RIPARAZIONE DEI DANNI CAUSATI DAL MATRIMONIO DELL'IMPOTENTE, DA GANGI BONAVENTURA. ARMONIA LITURGICA TRA ORIENTE E OCCIDENTE, BERTI C. LEZIONE DELLE ELEZINI DEL VII LUGLIO, BABBINI L. TRASFORMAZIONE DEMOCRATICA DI MANNING, CARDINALE. L'ULTIMO POETA DELL'OTTOCENTO DIMENTICATO, MANNI GIUSEPPE.
650 _aECCLESIOLOGIA
942 _cCR
957 _71
999 _a49137
_bNO
_g1
_c323627
_d323627